00285nam a2200121Ia 4500008004100000041000900041082001500050100001800065245003100083260003300114300000800147650000800155230718s9999 xx 000 0 und d aEng. a630bKEL-H aKelly, Migel  0aHistery and culture of Pit aPakistanbCom ba bgentc2004 a160 aLaw